[Event "80th ARM-ch 1st League 2019"]
[Site "Yerevan"]
[Date "2019.08.27"]
[Round "9.7"]
[White "Gevorgyan, Albert"]
[Black "Hayrapetyan, Hovik"]
[Result "1-0"]
[WhiteElo "2175"]
[BlackElo "2453"]
[Annotator "ChessBase"]
[PlyCount "63"]
[EventDate "2019.08.18"]
[EventType "tourn"]
[EventCountry "ARM"]
[SourceTitle "playchess.com"]
[Source "ChessBase"]
[SourceQuality "1"]
[TimeControl "40/5400+30:1800+30"]

1. Nf3 {[%emt 0:00:08]} Nf6 {[%emt 0:00:45]} 2. c4 {[%emt 0:00:14]} e6 {[%emt 0:00:55]} 3. Nc3 {[%emt 0:00:11]} d5 {[%emt 0:00:06]} 4. d4 {[%emt 0:00:06]} a6 {[%emt 0:00:46]} 5. cxd5 {[%emt 0:05:40]} exd5 {[%emt 0:00:26]} 6. Bg5 {[%emt 0:00:45]} c6 {[%emt 0:00:25]} 7. e3 {[%emt 0:00:57]} Be7 {[%emt 0:06:51]} 8. Bd3 {[%emt 0:00:14]} O-O {[%emt 0:00:05]} 9. Qc2 {[%emt 0:00:15]} Nbd7 {[%emt 0:02:12]} 10. O-O {[%emt 0:01:38]} h6 {[%emt 0:01:47]} 11. Bf4 {[%emt 0:02:09]} Re8 {[%emt 0:14:08]} 12. h3 {[%emt 0:04:35]} Nf8 {[%emt 0:00:10]} 13. Rab1 {[%emt 0:07:48]} Bd6 {[%emt 0:07:29]} 14. Bxd6 {[%emt 0:07:28]} Qxd6 {[%emt 0:01:09]} 15. b4 {[%emt 0:00:08]} N8d7 {[%emt 0:05:56]} 16. Rfc1 {[%emt 0:09:47]} b5 {[%emt 0:07:44]} 17. e4 {[%emt 0:09:45]} dxe4 {[%emt 0:00:13]} 18. Nxe4 {[%emt 0:00:06]} Nxe4 {[%emt 0:00:04]} 19. Bxe4 {[%emt 0:00:08]} Bb7 {[%emt 0:00:18]} 20. Bxc6 {[%emt 0:06:44]} Rac8 {[%emt 0:00:55]} 21. d5 {[%emt 0:00:09]} Nb8 {[%emt 0:01:08]} 22. Bxe8 {[%emt 0:00:16]} Rxc2 {[%emt 0:00:00]} 23. Rxc2 {[%emt 0:00:05]} Kf8 {[%emt 0:29:53]} 24. Re1 {[%emt 0:07:30]} g6 {[%emt 0:01:18]} 25. Rc5 {[%emt 0:02:25]} Kg7 {[%emt 0:07:49]} 26. a3 {[%emt 0:07:12]} Nd7 {[%emt 0:02:18]} 27. Bxd7 {[%emt 0:01:04]} Qxd7 {[%emt 0:00:01]} 28. Rd1 {[%emt 0:08:25]} Qd6 {[%emt 0:00:36]} 29. Nd4 {[%emt 0:01:49]} Qe5 {[%emt 0:01:41]} 30. d6 {[%emt 0:01:11]} Qe4 {[%emt 0:01:55]} 31. f3 {[%emt 0:00:15]} Qe3+ {[%emt 0:01:54]} 32. Kh1 {[%emt 0:00:08]} 1-0

[Event "80th ARM-ch 1st League 2019"]
[Site "Yerevan"]
[Date "2019.08.28"]
[Round "10.1"]
[White "Chaqryan, Erik"]
[Black "Khojayan, Vardan"]
[Result "1/2-1/2"]
[WhiteElo "2105"]
[BlackElo "2236"]
[Annotator "NA"]
[PlyCount "181"]
[EventDate "2019.08.18"]
[EventType "tourn"]
[EventCountry "ARM"]
[SourceTitle "playchess.com"]
[Source "ChessBase"]
[SourceQuality "1"]
[TimeControl "40/5400+30:1800+30"]

1. e4 {[%emt 0:00:12]} c5 {[%emt 0:00:00]} 2. Nf3 {[%emt 0:00:16]} d6 {[%emt 0:00:00]} 3. d3 {[%emt 0:01:11]} Nc6 {[%emt 0:00:15]} 4. g3 {[%emt 0:00:07]} g6 {[%emt 0:00:39]} 5. Bg2 {[%emt 0:00:07]} Bg7 {[%emt 0:00:05]} 6. O-O {[%emt 0:00:20]} Nf6 {[%emt 0:01:00]} 7. Nc3 {[%emt 0:00:10]} O-O {[%emt 0:00:20]} 8. Bd2 {[%emt 0:00:43]} Rb8 {[%emt 0:01:26]} 9. Qc1 {[%emt 0:00:59]} Re8 {[%emt 0:00:39]} 10. Bh6 {[%emt 0:00:31]} Bh8 {[%emt 0:00:06]} 11. h3 {[%emt 0:01:04]} b5 {[%emt 0:02:49]} 12. Ne2 {[%emt 0:02:10]} c4 {[%emt 0:13:01]} 13. Qe3 {[%emt 0:21:24]} e5 {[%emt 0:14:21]} 14. Ng5 {[%emt 0:09:34]} Qb6 {[%emt 0:12:06]} 15. Qd2 {[%emt 0:02:09]} cxd3 $11 {[%emt 0:05:44]} 16. cxd3 {[%emt 0:05:47]} d5 {[%emt 0:01:29]} 17. Kh1 {[%emt 0:09:36]} Bb7 {[%emt 0:03:28]} 18. f4 {[%emt 0:01:58]} Rbd8 {[%emt 0:00:32]} 19. Qc2 {[%emt 0:01:31]} dxe4 {[%emt 0:05:29]} 20. Qb3 {[%emt 0:07:59]} Rd7 {[%emt 0:01:15]} 21. dxe4 {[%emt 0:02:33]} Na5 {[%emt 0:02:06]} 22. Qb4 {[%emt 0:04:35]} Nc4 {[%emt 0:01:23]} 23. fxe5 {[%emt 0:02:35]} a5 {[%emt 0:00:36]} 24. Qe1 {[%emt 0:08:32]} Rxe5 {[%emt 0:02:49]} 25. Nc3 {[%emt 0:05:46]} Ne3 {[%emt 0:07:46]} 26. Qf2 {[%emt 0:05:07]} Nc4 {[%emt 0:04:20]} 27. Qxb6 {[%emt 0:04:30]} Nxb6 {[%emt 0:00:06]} 28. Rad1 {[%emt 0:00:06]} b4 {[%emt 0:02:53]} 29. Rxd7 {[%emt 0:01:06]} Nbxd7 {[%emt 0:00:06]} 30. Na4 {[%emt 0:00:26]} Bg7 {[%emt 0:00:23]} 31. Bxg7 {[%emt 0:00:16]} Kxg7 {[%emt 0:00:04]} 32. Nf3 {[%emt 0:00:11]} Re8 {[%emt 0:02:13]} 33. e5 {[%emt 0:01:04]} Nxe5 {[%emt 0:00:38]} 34. Nxe5 {[%emt 0:00:04]} Bxg2+ {[%emt 0:00:03]} 35. Kxg2 {[%emt 0:00:05]} Rxe5 {[%emt 0:00:04]} 36. Rf2 {[%emt 0:00:57]} Ne4 {[%emt 0:00:37]} 37. Re2 {[%emt 0:00:13]} f5 {[%emt 0:00:05]} 38. Rc2 {[%emt 0:01:51]} Rd5 {[%emt 0:00:26]} 39. g4 {[%emt 0:00:19]} Kf6 {[%emt 0:00:21]} 40. gxf5 {[%emt 0:00:00]} gxf5 {[%emt 0:00:00]} 41. Nb6 {[%emt 0:06:57]} Rd3 {[%emt 0:00:32]} 42. Re2 {[%emt 0:07:00]} Kg5 {[%emt 0:00:59]} 43. Nc4 {[%emt 0:00:55]} a4 {[%emt 0:01:02]} 44. Re3 {[%emt 0:04:39]} Rd4 {[%emt 0:01:08]} 45. b3 {[%emt 0:00:22]} a3 {[%emt 0:00:12]} 46. h4+ {[%emt 0:02:32]} Kxh4 {[%emt 0:01:56]} 47. Rh3+ {[%emt 0:00:08]} Kg4 {[%emt 0:00:20]} 48. Rxh7 {[%emt 0:00:22]} Nd2 {[%emt 0:01:53]} 49. Ne3+ {[%emt 0:06:14]} Kg5 {[%emt 0:08:07]} 50. Rf7 {[%emt 0:02:41]} f4 {[%emt 0:01:13]} 51. Nc2 {[%emt 0:04:43]} Rd3 {[%emt 0:08:22]} 52. Nxb4 {[%emt 0:00:25]} Rg3+ {[%emt 0:05:49]} 53. Kf2 {[%emt 0:00:12]} Ne4+ {[%emt 0:00:03]} 54. Kf1 {[%emt 0:00:06]} Rf3+ {[%emt 0:00:35]} 55. Kg1 {[%emt 0:00:48]} Nd2 {[%emt 0:06:16]} 56. Nc2 {[%emt 0:01:19]} Rf1+ {[%emt 0:00:14]} 57. Kh2 {[%emt 0:00:26]} Rf2+ {[%emt 0:02:32]} 58. Kg1 {[%emt 0:00:17]} Re2 {[%emt 0:01:06]} 59. Nxa3 {[%emt 0:00:16]} Kg4 {[%emt 0:01:33]} 60. Nc4 {[%emt 0:00:56]} Nxc4 {[%emt 0:03:28]} 61. bxc4 {[%emt 0:00:01]} Rxa2 {[%emt 0:00:06]} 62. c5 {[%emt 0:00:59]} Rc2 {[%emt 0:00:05]} 63. Rg7+ {[%emt 0:00:30]} Kf3 {[%emt 0:00:20]} 64. Rg5 {[%emt 0:00:11]} Rc1+ {[%emt 0:00:26]} 65. Kh2 {[%emt 0:00:04]} Kf2 {[%emt 0:00:11]} 66. Rg2+ {[%emt 0:01:06]} Ke3 {[%emt 0:00:04]} 67. Ra2 {[%emt 0:00:36]} Rxc5 {[%emt 0:00:14]} 68. Ra3+ {[%emt 0:00:19]} Ke4 {[%emt 0:00:48]} 69. Kg2 {[%emt 0:00:27]} Rc2+ {[%emt 0:00:05]} 70. Kf1 {[%emt 0:00:02]} Rb2 {[%emt 0:01:08]} 71. Ra4+ {[%emt 0:01:10]} Kf3 {[%emt 0:00:12]} 72. Ra3+ {[%emt 0:00:01]} Kg4 {[%emt 0:00:06]} 73. Rc3 {[%emt 0:00:15]} Rd2 {[%emt 0:00:56]} 74. Rb3 {[%emt 0:00:19]} Ra2 {[%emt 0:00:58]} 75. Rc3 {[%emt 0:00:13]} Ra8 {[%emt 0:00:16]} 76. Kf2 {[%emt 0:00:45]} Ra4 {[%emt 0:00:16]} 77. Kg2 {[%emt 0:00:39]} Ra2+ {[%emt 0:00:17]} 78. Kf1 {[%emt 0:00:10]} Kf5 {[%emt 0:00:36]} 79. Rb3 {[%emt 0:00:12]} Kg4 {[%emt 0:02:29]} 80. Rc3 {[%emt 0:00:09]} Ra4 {[%emt 0:01:23]} 81. Kg2 {[%emt 0:00:17]} Rb4 {[%emt 0:00:14]} 82. Ra3 {[%emt 0:00:13]} Rb8 {[%emt 0:00:08]} 83. Kf2 {[%emt 0:00:18]} Re8 {[%emt 0:01:30]} 84. Rb3 {[%emt 0:00:14]} Ra8 {[%emt 0:00:06]} 85. Kg2 {[%emt 0:00:31]} Rd8 {[%emt 0:01:34]} 86. Ra3 {[%emt 0:00:22]} Rg8 {[%emt 0:00:15]} 87. Kf2 {[%emt 0:00:15]} Rb8 {[%emt 0:00:16]} 88. Kg2 {[%emt 0:00:09]} f3+ {[%emt 0:00:04]} 89. Rxf3 {[%emt 0:00:04]} Rb2+ {[%emt 0:00:02]} 90. Rf2 {[%emt 0:00:01]} Rxf2+ {[%emt 0:00:05]} 91. Kxf2 1/2-1/2

[Event "80th ARM-ch 1st League 2019"]
[Site "Yerevan"]
[Date "2019.08.28"]
[Round "10.2"]
[White "Hoghmrtsyan, Artur"]
[Black "Harutyunian, Tigran K."]
[Result "0-1"]
[WhiteElo "2317"]
[BlackElo "2555"]
[Annotator "TA"]
[PlyCount "56"]
[EventDate "2019.08.18"]
[EventType "tourn"]
[EventCountry "ARM"]
[SourceTitle "playchess.com"]
[Source "ChessBase"]
[SourceQuality "1"]

{[%evp 10,56,19,16,14,8,12,18,22,30,52,55,51,22,45,29,31,18,33,12,24,27,29,-41,-33,-42,-39,-43,-16,-65,-63,-54,-50,-74,-66,-168,-141,-134,-174,-603,-583,-735,-726,-717,-704,-1084,-1067,-1263,-1248]} 1. d4 Nf6 2. Nf3 g6 3. g3 Bg7 4. Bg2 O-O 5. O-O d6 6. c4 Ne4 {E60: King's Indian: Unusual lines and Fianchetto Variation without Nc3} 7. Qc2 f5 8. Rd1 Qe8 {The position is equal.} 9. Nbd2 Nxd2 $146 ({Predecessor:} 9... Nf6 10. d5 Na6 11. Nb3 c5 12. dxc6 bxc6 13. Na5 Rb8 14. a3 {½-½ (23) Laznicka,V (2651)-Jakubiec,A (2503) Czech Republic 2017}) 10. Bxd2 Nd7 11. c5 c6 12. b4 Nf6 13. Rac1 h6 14. a4 Be6 15. b5 Bd5 16. Qd3 (16. Bb4 $11) 16... e5 $15 17. dxe5 dxe5 {Threatens to win with ...e4.} 18. Qb1 g5 19. Ba5 e4 20. Nd4 Ng4 21. bxc6 bxc6 {[%cal Bb7c6,Bc6d5][%mdl 32]} 22. Nb5 (22. h3 $15 Ne5 23. Bc3) 22... Qh5 $36 {[%mdl 2048] Keeping White busy.} 23. h3 {[#]} Nxf2 $1 {[%mdl 64] Discovered Attack} 24. Rxd5 $2 (24. Kxf2 e3+ 25. Kg1 Bxg2 26. Qa2+ Bd5 27. Rxd5 cxd5 28. Qxd5+ Kh8 29. Bc3) 24... Nxh3+ $19 {Black is clearly winning.} 25. Kf1 {Rd7 is the strong threat.} cxd5 26. Qb3 Qg4 27. Nd6 {[#]} Nf4 $1 28. Rc2 (28. gxf4 Qxf4+) 28... Rab8 {Accuracy: White = 35%, Black = 79%.} 0-1

[Event "80th ARM-ch 1st League 2019"]
[Site "Yerevan"]
[Date "2019.08.28"]
[Round "10.3"]
[White "Hayrapetyan, Hovik"]
[Black "Baghdasaryan, Vahe"]
[Result "1-0"]
[WhiteElo "2453"]
[BlackElo "2373"]
[Annotator "TA"]
[PlyCount "81"]
[EventDate "2019.08.18"]
[EventType "tourn"]
[EventCountry "ARM"]
[SourceTitle "playchess.com"]
[Source "ChessBase"]
[SourceQuality "1"]

{[%evp 9,81,0,0,0,14,0,0,0,0,0,12,10,10,13,18,11,22,0,20,0,0,24,13,-7,52,36,62,29,62,62,62,62,87,117,129,125,118,138,126,124,125,119,218,152,165,158,222,232,209,134,148,164,134,127,197,193,200,188,139,140,182,187,177,214,527,256,2110,1808,1708,1697,29991,29992,29992,29993]} 1. c4 c5 2. Nc3 g6 3. g3 Bg7 4. Bg2 Nc6 5. d3 d6 6. h4 {A36: Symmetrical English vs ...g6: 4 Bg2 Bg7} (6. Qd2 e6 7. b3 Nge7 8. Bb2 O-O 9. h4 d5 10. h5 b6 11. hxg6 hxg6 12. Nf3 d4 13. Ne4 e5 {1-0 (69) Svidler,P (2729)-Gelfand,B (2686) Amsterdam 2019}) 6... Nf6 7. Nh3 e5 8. Ng5 {The position is equal.} O-O $146 ({Predecessor:} 8... h6 9. Nge4 Nxe4 10. dxe4 Be6 11. b3 a6 12. Bd2 Rb8 13. a4 Nb4 {1-0 (86) Sidorov,A (2283)-Vastrukhin,O (2396) Samara 2017}) 9. Nge4 Nh5 10. Nd5 f5 11. Bg5 Qd7 12. Nec3 h6 13. Bd2 Kh7 14. Rb1 f4 15. gxf4 exf4 16. Be4 Bd4 ({Black should try} 16... Ne5 $11) 17. Nb5 $36 {[%mdl 2048] White has good play.} Qg4 18. Bc3 {Bxd4 is the strong threat.} (18. Nxd6 Bxf2+ 19. Kxf2 Qg3+ 20. Kf1 Bh3+ 21. Rxh3 Qxh3+ 22. Bg2 Qh2 $19) 18... Bxf2+ 19. Kxf2 {Hoping for Ke1.} Qg3+ 20. Kf1 Bh3+ 21. Rxh3 $1 Qxh3+ 22. Ke1 $1 Qxh4+ 23. Kd2 Ng3 24. Bf3 $1 {[%mdl 1024] White has strong compensation.} (24. Nxd6 Ne7 $18) 24... Rad8 25. Nbc7 $1 Rd7 (25... Rf7 $16) 26. Ne6 Rff7 27. Qg1 Nd8 (27... h5 $16 {was necessary.} 28. Qg2 Rde7 29. Nxe7 Rxe7) 28. Nxd8 $18 Rxd8 29. b4 b6 30. bxc5 dxc5 31. a4 Rd6 (31... g5 $16) 32. a5 {[%cal Ra5b6]} g5 {Threatening ...g4.} 33. axb6 axb6 {[#]} 34. Qg2 $1 ({Don't play} 34. Nxb6 $6 g4 $11) (34. Rxb6 $6 Rxb6 35. Nxb6 g4 $16) 34... g4 {aiming for ...Re6.} 35. Be4+ $1 Kg8 36. Ra1 {Threatens to win with Ra8+.} Qg5 $2 (36... f3 {is more resistant.} 37. Ra8+ (37. exf3 Nxe4+ 38. dxe4 Rxf3 $11) 37... Rf8 38. Rxf8+ Kxf8 39. exf3 Nxe4+ 40. fxe4 Rd7) 37. Kc2 (37. Ra8+ $142 Rf8 {[#]} 38. Bh7+ $1 {[%mdl 576] Decoy} Kxh7 39. Ra7+ Kg6 40. Rg7+ {[%mdl 64] Skewer} Kh5 41. Rxg5+ Kxg5 42. Be5) 37... Nf5 $2 (37... Re6 38. Ra8+ Rf8 39. Rxf8+ Kxf8) 38. Ra8+ Rf8 {[#]} 39. Bxf5 $1 {[%mdl 512]} f3 (39... Qxf5 40. Ne7+) 40. Qg3 Rxa8 41. Qxd6 {Accuracy: White = 73%, Black = 44%.} 1-0

[Event "80th ARM-ch 1st League 2019"]
[Site "Yerevan"]
[Date "2019.08.28"]
[Round "10.4"]
[White "Harutjunyan, Gevorg"]
[Black "Sargsyan, Shant"]
[Result "0-1"]
[WhiteElo "2455"]
[BlackElo "2540"]
[Annotator "TA"]
[PlyCount "62"]
[EventDate "2019.08.18"]
[EventType "tourn"]
[EventCountry "ARM"]
[SourceTitle "playchess.com"]
[Source "ChessBase"]
[SourceQuality "1"]

{[%evp 9,62,0,7,-7,0,0,0,0,0,0,0,0,0,0,0,0,0,0,0,-1,10,11,26,26,19,17,20,0,0,0,0,0,0,0,0,0,0,-29,-46,-307,-272,-325,-275,-744,-700,-1405,-1337,-1781,-1730,-29987,-29988,-29988,-29989,-29989,-29990]} 1. c4 e6 2. Nf3 d5 3. e3 Nf6 4. d4 b6 5. Nbd2 (5. Nc3 Bb7 6. Bd3 Bd6 7. O-O dxc4 8. Bxc4 O-O 9. Nb5 Be7 10. b3 Nbd7 11. Bb2 a6 12. Nc3 b5 13. Be2 c5 14. Rc1 Qb6 15. dxc5 Nxc5 {0-1 (35) Cori,J (2686)-Vidit,S (2703) Biel 2019}) 5... Bb7 6. a3 {E14: Queen's Indian: Classical Variation (4 e3)} a5 $146 ({Predecessor:} 6... Be7 7. Bd3 O-O 8. O-O c5 9. b3 Nbd7 10. Bb2 Rc8 11. Qe2 Ne4 12. Rad1 Qc7 {0-1 (55) Sekulic,D (2312)-Savic,M (2535) Pozarevac 2012}) 7. Bd3 Nbd7 8. b3 {The position is equal.} Ne4 9. Qc2 {[%cal Rd2e4]} f5 10. Bb2 Bd6 11. cxd5 exd5 12. Ne5 O-O 13. O-O Qe7 {[%cal Rd7e5]} 14. f4 Nxd2 (14... Ndf6 {seems wilder.} 15. Nxe4 Nxe4 16. Qe2 c6 17. Rac1 Rac8) 15. Qxd2 Ba6 16. Bxa6 Rxa6 17. Qd3 Raa8 18. Qb5 Nf6 19. Rac1 a4 20. b4 Kh8 21. Rc6 Qe8 {And now ...Ng8 would win.} 22. Rfc1 Qh5 23. h3 g5 24. Rxc7 $2 {[%mdl 8192]} (24. R6c2 $15) 24... Bxc7 $19 25. Rxc7 Qd1+ 26. Kh2 $2 {[#]} (26. Qf1 Qxf1+ 27. Kxf1 gxf4 28. Nf7+ Kg7 29. Ne5+ Kg8 30. exf4) 26... g4 $1 27. hxg4 fxg4 {( -> ...g3+!)} 28. g3 Rac8 29. Qxb6 Rxc7 {Black mates.} 30. Qxc7 Qe2+ {[%mdl 64] [#] Double Attack} 31. Kg1 Ne4 {Accuracy: White = 31%, Black = 84%.} 0-1

[Event "80th ARM-ch 1st League 2019"]
[Site "Yerevan"]
[Date "2019.08.28"]
[Round "10.5"]
[White "Gharibyan, Mamikon"]
[Black "Gevorgyan, Albert"]
[Result "1-0"]
[WhiteElo "2365"]
[BlackElo "2175"]
[Annotator "TA"]
[PlyCount "149"]
[EventDate "2019.08.18"]
[EventType "tourn"]
[EventCountry "ARM"]
[SourceTitle "playchess.com"]
[Source "ChessBase"]
[SourceQuality "1"]

{[%evp 22,149,12,19,25,0,0,0,1,0,0,0,0,0,0,0,0,-5,3,7,19,0,25,25,25,21,17,11,18,15,15,15,22,22,32,16,38,39,37,43,43,44,63,63,66,66,68,68,79,63,46,50,208,202,185,103,142,157,159,165,147,99,293,291,266,240,451,419,500,0,504,439,536,501,499,473,782,602,758,192,153,106,710,0,829,771,763,716,794,846,763,702,714,684,1130,1130,1236,1229,1162,1094,907,868,2737,2685,2014,1910,1364,1318,1302,1133,166,8,8,8,12833,1302,728,2152,29978,29979,29979,29980,29978,29976,29987,29988,29989,29990,29990,29988]} 1. d4 d5 2. Nf3 Nf6 3. c4 e6 4. Nc3 c6 5. Bg5 Nbd7 6. e3 Qa5 7. Nd2 dxc4 8. Bxf6 Nxf6 9. Nxc4 Qc7 10. Be2 Be7 11. O-O O-O 12. Rc1 c5 {D52: Queen's Gambit Declined: Cambridge Springs Variation} (12... Rd8 13. Qc2 Bd7 14. Bf3 Be8 15. Rfd1 Rac8 16. Ne4 {½-½ (16) Koch,T (2474)-Stern,R (2538) Magdeburg 2019}) 13. dxc5 $146 ({Predecessor:} 13. Nb5 Qd8 14. dxc5 Bxc5 15. Ne5 Qe7 16. Qc2 Bd6 17. Nxd6 Qxd6 18. Qc3 Ne4 19. Qc7 f6 20. Qxd6 Nxd6 {1-0 (48) Sandstrom,L (2275)-Johansson,J Jonkoping 1987}) 13... Rd8 14. Qb3 Qxc5 {The position is equal.} 15. Rfd1 Rxd1+ 16. Rxd1 Rb8 17. Qb5 Qxb5 18. Nxb5 Bd7 19. Nbd6 Bxd6 20. Nxd6 Bc6 21. Bf3 Rd8 {Hoping for ...Bxf3.} 22. Bxc6 bxc6 $11 {[%mdl 4096] Endgame KRN-KRN} 23. Rd2 Kf8 24. Kf1 (24. Nc4 {is more complex.} Rxd2 25. Nxd2 Ke7 26. Kf1 Kd6 27. Ke2) 24... Ke7 25. Nc4 Rxd2 26. Nxd2 {KN-KN} Kd6 27. Ke2 Kd5 28. f3 e5 29. Kd3 Nd7 30. Kc3 f6 31. e4+ Kc5 32. Nc4 $1 Kb5 33. Nd6+ Kc5 34. Ne8 g6 35. b4+ Kb5 36. Kb3 a5 $2 (36... Kb6 $14) 37. a4+ $1 $18 Ka6 38. Nd6 (38. Ng7 $18) 38... axb4 39. Kxb4 Kb6 40. a5+ Ka6 41. Nc4 g5 $2 (41... c5+ $16 {keeps fighting.} 42. Ka4 Nf8) 42. Nd6 Ka7 43. Ne8 Kb7 $2 (43... h5 {was called for.} 44. Nc7 Kb7) 44. Ng7 Kc7 45. Ne8+ Kb7 46. g4 Ka6 47. Nc7+ Kb7 48. Ne6 Kb8 (48... Kc8 $142 49. Kc4 h6) 49. h3 Kc8 50. Kc3 $2 (50. a6 {Nc5 is the strong threat.} Kb8 51. Nd8) 50... Kb7 {[#]} 51. Kc4 $1 {aiming for Nc5+.} Kb8 $2 {[%mdl 8192]} (51... Kc8 $16 52. a6 Kb8) 52. Kb4 Kc8 $1 53. a6 Kb8 54. Nd8 Ka7 55. Nxc6+ Kxa6 56. Kc4 Kb6 57. Kd5 Nc5 58. Ne7 Nd3 59. Kd6 Ne1 60. Nd5+ Kb5 61. Nxf6 Nxf3 62. Nxh7 Kc4 {[#]} 63. Ke6 $1 {[%cal Re6f6]} Kd3 64. Kf5 Kd4 65. Nf6 Nd2 66. Nd7 $2 (66. Kxg5 $18 Nxe4+ 67. Nxe4 Kxe4 68. Kf6) 66... Nxe4 $11 67. Nxe5 Ke3 $2 {[%mdl 8192]} (67... Ng3+ $11 68. Ke6 (68. Kxg5 Kxe5 69. Kh6 Kf6 $11) 68... Ke3) 68. Nf7 $18 Ng3+ 69. Kxg5 Ke4 70. h4 {White mates.} Kd5 71. h5 Ke6 72. Kg6 Ke7 73. h6 Ne2 74. h7 Nf4+ 75. Kh6 {Accuracy: White = 69%, Black = 33%.} 1-0

[Event "80th ARM-ch 1st League 2019"]
[Site "Yerevan"]
[Date "2019.08.28"]
[Round "10.6"]
[White "Mikaelyan, Arman"]
[Black "Torosyan, Norayr"]
[Result "1/2-1/2"]
[WhiteElo "2454"]
[BlackElo "2365"]
[Annotator "TA"]
[PlyCount "157"]
[EventDate "2019.08.18"]
[EventType "tourn"]
[EventCountry "ARM"]
[SourceTitle "playchess.com"]
[Source "ChessBase"]
[SourceQuality "1"]

{[%evp 17,157,0,0,0,43,55,65,76,127,118,136,91,130,140,173,158,138,137,144,138,139,104,123,112,159,153,159,159,159,159,159,159,159,159,159,159,159,159,159,159,159,159,159,159,159,159,159,159,159,159,159,159,173,143,189,164,159,147,157,141,152,131,126,126,126,0,198,198,189,170,211,191,192,192,179,148,150,121,119,127,141,124,123,109,116,90,96,89,90,90,91,27,47,0,0,0,0,0,0,0,0,0,0,0,0,0,0,0,0,0,0,0,0,0,0,0,0,0,0,0,0,0,0,0,0,0,0,0,0,0,0,0,0,0,0,0,0,0,0,0,0,0]} 1. e4 e6 2. d4 d5 3. Nc3 Nf6 4. Bg5 Bb4 5. e5 h6 6. Be3 Ne4 7. Qg4 g6 8. a3 Bxc3+ 9. bxc3 Nxc3 ({Predecessor:} 9... c5 10. Bd3 h5 11. Qf4 Nxc3 12. dxc5 Nc6 {1-0 (29) Link,K (1958)-Horther,H (2039) Bayern 2006}) 10. Bd3 {C12: French: Classical System: McCutcheon Variation} c5 $146 (10... b6 11. h4 Ba6 12. h5 g5 13. f4 gxf4 14. Bxf4 Kd7 15. Bd2 Ne4 16. Bxe4 dxe4 17. Qxe4 Kc8 {0-1 (76) Gashimov,V (2746)-Nakamura,H (2774) Monte Carlo 2011}) 11. dxc5 Nc6 12. Nf3 {White is slightly better.} h5 (12... d4 $142 13. Bxd4 Nxd4 14. Nxd4 (14. Qxd4 Qxd4 15. Nxd4 O-O $16) 14... Qc7) 13. Qf4 $16 d4 14. Nxd4 ({Don't play} 14. Bxd4 $6 Nxd4 15. Nxd4 (15. Qxd4 Qxd4 16. Nxd4 Bd7 $11) 15... Bd7 $16) 14... Nd5 15. Nxc6 bxc6 16. Qd4 Nxe3 17. Qxd8+ ({Resist} 17. Qxe3 Qa5+ 18. Kf1 h4 $16) 17... Kxd8 18. fxe3 Ke7 19. Rb1 Rd8 {...Rd5 would now be nice for Black.} 20. Bc4 h4 21. Ke2 Rh8 {[#] intending ...Rh5.} 22. g4 $1 hxg3 23. hxg3 Rxh1 24. Rxh1 {[%mdl 4096] Endgame KRB-KRB} Bd7 25. Bd3 Rb8 26. Rh4 a5 27. Ra4 Ra8 28. Be4 Kd8 29. Kf3 Ke7 30. Kf2 Be8 31. Ke2 Bd7 32. Bf3 Ra7 33. Kd2 Ra8 34. g4 g5 35. Be4 Kd8 36. Ke2 Kc7 37. Kf3 Be8 38. Kg3 Bd7 39. Kf2 Be8 40. Ke1 Bd7 41. Kd2 (41. Bf3 $16) 41... Be8 $2 (41... Kd8 $1 $11 {and Black is okay.}) 42. Kd3 $18 Bd7 43. Kc3 Be8 44. Rd4 Bd7 45. Rd1 Rh8 46. Rf1 Rh4 47. Bf3 Rh3 48. Kd3 Kd8 49. Be2 Rh7 50. Rb1 Kc7 51. Rb6 Bc8 52. Bf3 Bb7 53. Rb1 Ba6+ {[#]} 54. Kd4 ({White should play} 54. c4 $1 $16) 54... Rh2 $11 55. Bxc6 {Threatens to win with Rb6.} (55. Rc1 {keeps more tension.} Rd2+ 56. Kc3 Rh2 57. Re1 Bb5 58. Kb3) 55... Rxc2 {The position is equal.} 56. Bb5 Bxb5 57. Rxb5 {KR-KR} Rg2 58. Rxa5 Rxg4+ 59. e4 {Black should prevent Ra7+.} Rf4 60. Ra7+ Kc6 61. Ra6+ Kc7 62. Ra8 Rf3 63. a4 g4 64. Rg8 g3 65. a5 Kc6 66. Kc4 Re3 67. Rg4 g2 {Strongly threatening ...Rxe4+!} 68. Kd4 Re2 69. a6 Ra2 70. a7 Rxa7 71. Rxg2 Ra4+ 72. Ke3 Kxc5 73. Rg8 Ra3+ 74. Kf4 Ra1 75. Rc8+ Kd4 {Hoping for ...Rf1+.} 76. Rd8+ Kc5 77. Kg5 Rf1 78. Rd7 Kc6 79. Rd2 {Accuracy: White = 69%, Black = 71%.} 1/2-1/2